00666nam a2200277Ia 4500008004000000020001800040041000800058082001700066100002800083245007600111250000500187260004400192300001400236650001000250650001200260650001300272650001100285650000800296650001100304650000700315650001300322650001700335650000800352650000600360700002200366210210b1998 xxu||||| |||| 00| 0 eng d a9780198082231 aeng a338.954 AHLI aAHLUWALIA (Isher Judge) aIndias economic reforms and development Ed 2bEssays for Manmohan Singh a aNew DelhibOxfor University Pressc1998 aviii, 459 aSingh areforms aManmohan aIndias afor aessays aEd aeconomic adevelopment: aand a2 aLITTLE (I M D) Ed